000 00728nam a2200253Ia 4500
003 OSt
005 20220925184643.0
006 a|||||r|||| 00| 0
007 ta
008 220923b |||||||| |||| 00| 0 eng d
020 _a0887065716
037 _cGeneral Book
040 _aRTL
_cRTL
_beng
041 _2eng
_aeng
082 _aY:3(Q2).2.N8, M7
100 _aCoward Harold G Ed.
245 0 _aModern Indian responses to religious pluralism
260 _aAlbany
_bState University of New York Press
_c1987
300 _axii, 340p
_ccm.
650 _a Hinduism
_98459
650 _aSociology of Religion
942 _hY:3(Q2).2.N8, M7
_cGB
_2CC
999 _c508447
_d508447